000 00851nas a2200253 4500
001 BR2011002219
003 BR-BrBNA
005 20231205114931.0
007 ta
008 230509b bl.|||p| |||| 00| 00por d
040 _aBR-BrBNA
_bpor
_cBiblioteca Nacional de Agricultura
041 _a(Pt)
072 _aF30
100 1 _aBuzar, A.G.R.
100 1 _aBoiteux, L.S.
100 1 _aOliveira, V.R.
245 1 _aEstimativa da diversidade genética de germoplasma de cebola via descritores morfológicos, agronômicos e bioquímicos
650 _aALLIUM CEPA
650 _aBANCO DE GERMOPLASMA
773 0 _tHorticultura Brasileira (Brazil)
_xISSN 0102-0536
_g(Oct-Dec 2007), v. 25(4) p. 527-532
_wBR2011002219
856 4 0 _uhttp://www.scielo.br/pdf/hb/v25n4/a07v25n4.pdf
909 _a202311
_bLúcia
_c55
_dLúcia Elande
942 _2AGRIS
_n0
_cANA
999 _c211302
_d211302